[Event "HUN-chT 1011"]
[Site "Hungary"]
[Date "2011.05.15"]
[Round "11"]
[White "Schneider, Veronika"]
[Black "Nagy Hegyesi, Balint"]
[Result "0-1"]
[WhiteElo "2251"]
[BlackElo "2407"]
[PlyCount "74"]
[EventDate "2010.10.10"]
[EventType "team-tourn"]
[EventRounds "11"]
[EventCountry "HUN"]
[SourceTitle "EXT 2012"]
[Source "ChessBase"]
[SourceDate "2011.11.24"]
[SourceVersion "1"]
[SourceVersionDate "2011.11.24"]
[SourceQuality "1"]
[WhiteTeam "Kazincbarcika"]
[BlackTeam "Decs"]
[WhiteTeamCountry "HUN"]
[BlackTeamCountry "HUN"]

1. e4 c5 2. c3 Nf6 3. e5 Nd5 4. Nf3 e6 5. d4 cxd4 6. cxd4 Na6 7. Nc3 Nac7 8. Ne4 Be7 9. Bd3 0-0 10. 0-0 f5 11. exf6 gxf6 12. Bh6 Rf7 13. Rc1 Bf8 14. Qd2 Bxh6 15. Qxh6 Qf8 16. Nxf6+ Nxf6 17. Qxf8+ Kxf8 18. Rxc7 Nd5 19. Rc4 b6 20. Ne5 Rg7 21. Rfc1 Ba6 22. Ra4 Bb7 23. Be4 a5 24. Ra3 Ke7 25. g3 Ra7 26. Bxd5 Bxd5 27. Rc8 Rb7 28. Rac3 Bxa2 29. b3 b5 30. Ra8 a4 31. b4 Bd5 32. Rcc8 d6 33. Re8+ Kf6 34. Rf8+ Kg5 35. h4+ Kh5 36. Nd3 Rbf7 37. Nf4+ Rxf4 0-1

[Event "HUN-chT 0910"]
[Site "Hungary"]
[Date "2009.11.22"]
[Round "2"]
[White "Nagy Hegyesi, Balint"]
[Black "Tatar Kis, Szabolcs"]
[Result "0-1"]
[WhiteElo "2454"]
[BlackElo "2389"]
[PlyCount "63"]
[EventDate "2009.11.08"]
[EventType "team-tourn"]
[EventRounds "11"]
[EventCountry "HUN"]
[SourceTitle "EXT 2011"]
[Source "ChessBase"]
[SourceDate "2010.11.26"]
[SourceVersion "1"]
[SourceVersionDate "2010.11.26"]
[SourceQuality "1"]
[WhiteTeam "Decs"]
[BlackTeam "Penzugyor"]
[WhiteTeamCountry "HUN"]
[BlackTeamCountry "HUN"]

1. e4 c6 2. d4 d5 3. e5 Bf5 4. c4 e6 5. Nc3 Nd7 6. c5 Ne7 7. b4 f6 8. f4 fxe5 9. fxe5 Ng6 10. Nf3 Be7 11. Be2 Nh4 12. Nxh4 Bxh4+ 13. g3 Bg5 14. Bh5+ g6 15. Be2 0-0 16. Bxg5 Qxg5 17. Qd2 Qe7 18. Qh6 a5 19. b5 Nxc5 20. dxc5 Qxc5 21. Rc1 d4 22. Ne4 Qb4+ 23. Nd2 d3 24. Bf3 Qxb5 25. Qe3 Bh3 26. Rb1 Rxf3 27. Qxf3 Qxe5+ 28. Qe4 Qh5 29. Rb3 Rf8 30. Rg1 Qc5 31. Nf3 Qc1+ 32. Kf2 0-1

[Event "HUN-chT 0809"]
[Site "Hungary"]
[Date "2009.01.11"]
[Round "5"]
[White "Varadi, Viktor"]
[Black "Nagy Hegyesi, Balint"]
[Result "1/2-1/2"]
[WhiteElo "2432"]
[BlackElo "2296"]
[PlyCount "23"]
[EventDate "2008.10.26"]
[EventType "team-tourn"]
[EventRounds "11"]
[EventCountry "HUN"]
[SourceTitle "EXT 2010"]
[Source "ChessBase"]
[SourceDate "2010.11.25"]
[SourceVersion "1"]
[SourceVersionDate "2010.11.25"]
[SourceQuality "1"]
[WhiteTeam "Kazincbarcika"]
[BlackTeam "Decs"]
[WhiteTeamCountry "HUN"]
[BlackTeamCountry "HUN"]

1. e4 c5 2. Nf3 d6 3. d4 cxd4 4. Nxd4 Nf6 5. Nc3 Bd7 6. f3 e5 7. Nb3 Be7 8. Be3 a5 9. a4 0-0 10. Qd2 Na6 11. Bb5 Be6 12. 0-0 1/2-1/2

[Event "HUN-chT 0708"]
[Site "Hungary"]
[Date "2008.03.30"]
[Round "9"]
[White "Nagy Hegyesi, Balint"]
[Black "Bernei, Andras"]
[Result "1-0"]
[WhiteElo "2380"]
[BlackElo "2274"]
[PlyCount "79"]
[EventDate "2007.10.14"]
[EventType "team"]
[EventRounds "11"]
[EventCountry "HUN"]
[SourceTitle "EXT 2009"]
[Source "ChessBase"]
[SourceDate "2008.11.26"]
[SourceVersion "1"]
[SourceVersionDate "2008.11.26"]
[SourceQuality "1"]
[WhiteTeam "Decs"]
[BlackTeam "Vasas"]
[WhiteTeamCountry "HUN"]
[BlackTeamCountry "HUN"]

1. e4 c6 2. d4 d5 3. e5 Bf5 4. c4 e6 5. Nc3 Ne7 6. a3 Nd7 7. c5 b6 8. b4 a5 9. Be3 axb4 10. axb4 bxc5 11. bxc5 Rxa1 12. Qxa1 Ng6 13. Be2 Nh4 14. Kf1 Bg6 15. Qa4 Be7 16. Qxc6 0-0 17. Nf3 Nxf3 18. gxf3 Nxc5 19. dxc5 d4 20. Nd5 exd5 21. Bxd4 Bf5 22. Kg2 Bxc5 23. Qxc5 Qg5+ 24. Kf1 Bh3+ 25. Ke1 Rc8 26. Qa3 h6 27. f4 Qxf4 28. Qe3 Rc1+ 29. Bd1 Qf5 30. Qxc1 Qe4+ 31. Qe3 Qxh1+ 32. Kd2 Qxh2 33. Bc2 Be6 34. Qd3 g6 35. Qg3 Qxg3 36. fxg3 Kg7 37. Ke3 Kf8 38. Bc5+ Kg7 39. Be7 h5 40. Bg5 1-0

[Event "HUN-chT2 Charousek 0607"]
[Site "Hungary"]
[Date "2007.04.15"]
[Round "8"]
[White "Macsik, Tamas"]
[Black "Nagy Hegyesi, Balint"]
[Result "0-1"]
[WhiteElo "2297"]
[BlackElo "2351"]
[PlyCount "70"]
[EventDate "2006.11.12"]
[EventType "team"]
[EventRounds "11"]
[EventCountry "HUN"]
[SourceTitle "EXT 2008"]
[Source "ChessBase"]
[SourceDate "2007.11.25"]
[SourceVersion "1"]
[SourceVersionDate "2007.11.25"]
[SourceQuality "1"]
[WhiteTeam "Paks II"]
[BlackTeam "Decs"]
[WhiteTeamCountry "HUN"]
[BlackTeamCountry "HUN"]

1. d4 d5 2. Nf3 Nf6 3. e3 c6 4. c4 e6 5. Nc3 Nbd7 6. Bd3 dxc4 7. Bxc4 b5 8. Bd3 Bd6 9. e4 e5 10. a4 b4 11. Ne2 0-0 12. 0-0 Re8 13. Qc2 Bb7 14. Bg5 h6 15. Bh4 Rc8 16. Rad1 Qb6 17. dxe5 Nxe5 18. Nxe5 Bxe5 19. Kh1 c5 20. f3 c4 21. Bxc4 Ba6 22. b3 Bxc4 23. bxc4 b3 24. Qb1 Rxc4 25. Rd3 b2 26. f4 Rxa4 27. fxe5 Ra1 28. exf6 Rxb1 29. Rxb1 Rxe4 30. Nc3 Rxh4 31. Nd5 Qc5 32. fxg7 Qc1+ 33. Rd1 Rc4 34. Ne7+ Kxg7 35. Nf5+ Kh7 0-1

[Event "HUN-chT2 Charousek 0607"]
[Site "Hungary"]
[Date "2007.03.25"]
[Round "7"]
[White "Nagy Hegyesi, Balint"]
[Black "Szelenyi, Norbert"]
[Result "0-1"]
[WhiteElo "2351"]
[BlackElo "2294"]
[PlyCount "78"]
[EventDate "2006.11.12"]
[EventType "team"]
[EventRounds "11"]
[EventCountry "HUN"]
[SourceTitle "EXT 2008"]
[Source "ChessBase"]
[SourceDate "2007.11.25"]
[SourceVersion "1"]
[SourceVersionDate "2007.11.25"]
[SourceQuality "1"]
[WhiteTeam "Decs"]
[BlackTeam "Tapolca"]
[WhiteTeamCountry "HUN"]
[BlackTeamCountry "HUN"]

1. e4 e6 2. d4 d5 3. Nd2 Nf6 4. e5 Nfd7 5. Bd3 c5 6. c3 Nc6 7. Ne2 cxd4 8. cxd4 f6 9. exf6 Nxf6 10. 0-0 Bd6 11. f4 0-0 12. Nf3 Qb6 13. Kh1 Bd7 14. b3 a5 15. Ne5 Be8 16. a3 Ne7 17. Be3 Rc8 18. Bg1 Bb5 19. g4 Qa6 20. Bxb5 Qxb5 21. a4 Qa6 22. Ng3 Rc3 23. Rc1 Rxc1 24. Qxc1 Rc8 25. Qe3 Bxe5 26. Qxe5 Ng6 27. Qe1 Nxg4 28. f5 exf5 29. Rxf5 Nf6 30. Qd2 Qe6 31. Qxa5 Rc1 32. Qd8+ Nf8 33. Re5 Qg4 34. Kg2 Rxg1+ 35. Kxg1 Qxd4+ 36. Kg2 Qxe5 37. Qb6 Ne4 38. Qxb7 Nxg3 39. hxg3 d4 0-1

[Event "HUN-chT2 Charousek 0506"]
[Site "Hungary"]
[Date "2006.01.22"]
[Round "6"]
[White "Nagy Hegyesi, Balint"]
[Black "Macsik, Tamas"]
[Result "1/2-1/2"]
[WhiteElo "2378"]
[BlackElo "2270"]
[PlyCount "85"]
[EventDate "2005.10.16"]
[EventType "team"]
[EventRounds "11"]
[EventCountry "HUN"]
[SourceTitle "EXT 2009"]
[Source "ChessBase"]
[SourceDate "2008.11.26"]
[SourceVersion "1"]
[SourceVersionDate "2008.11.26"]
[SourceQuality "1"]
[WhiteTeam "Decs"]
[BlackTeam "Paks II"]
[WhiteTeamCountry "HUN"]
[BlackTeamCountry "HUN"]

1. e4 e6 2. Qe2 d5 3. exd5 Qxd5 4. Nc3 Qd8 5. Nf3 Nf6 6. d4 b6 7. Bf4 Ba6 8. Qd2 Bxf1 9. Rxf1 Bb4 10. Qd3 Nd5 11. Bd2 Nc6 12. 0-0-0 Nxc3 13. Bxc3 Qd5 14. Kb1 0-0-0 15. a3 Bxc3 16. Qxc3 Kb7 17. Qe3 Qf5 18. g4 Qg6 19. Qf4 Rd5 20. h4 Rhd8 21. h5 Qf6 22. Qe4 Kb8 23. c4 R5d6 24. g5 Qf5 25. Qxf5 exf5 26. d5 Na5 27. Nd4 Re8 28. Nxf5 Rd7 29. Rd4 Re5 30. Nxg7 Rxg5 31. Ne8 Re7 32. Nf6 Rf5 33. Nxh7 Rxh5 34. Nf6 Rf5 35. Ng4 Re2 36. Ka2 c5 37. dxc6 Nxc6 38. Rd6 Kc7 39. Rfd1 Rf4 40. Rd7+ Kc8 41. R7d6 Kc7 42. Rd7+ Kc8 43. R7d6 1/2-1/2

[Event "HUN-chT2 Charousek 0506"]
[Site "Hungary"]
[Date "2005.10.30"]
[Round "2"]
[White "Nagy Hegyesi, Balint"]
[Black "Marosi, Csaba"]
[Result "0-1"]
[WhiteElo "2378"]
[BlackElo "2144"]
[PlyCount "62"]
[EventDate "2005.10.16"]
[EventType "team"]
[EventRounds "11"]
[EventCountry "HUN"]
[SourceTitle "EXT 2009"]
[Source "ChessBase"]
[SourceDate "2008.11.26"]
[SourceVersion "1"]
[SourceVersionDate "2008.11.26"]
[SourceQuality "1"]
[WhiteTeam "Decs"]
[BlackTeam "Szentendre"]
[WhiteTeamCountry "HUN"]
[BlackTeamCountry "HUN"]

1. e4 c5 2. Nc3 e6 3. Nge2 a6 4. d4 cxd4 5. Nxd4 Qc7 6. Be3 Bb4 7. Qd2 Nf6 8. f3 d5 9. Bd3 e5 10. Nde2 d4 11. Nxd4 exd4 12. Bxd4 Nc6 13. Bf2 Be6 14. 0-0 0-0 15. a3 Bd6 16. g3 Ne5 17. Bd4 Bc5 18. Bxc5 Qxc5+ 19. Kg2 Rfd8 20. b4 Qd6 21. Rfd1 Qc7 22. Na4 Nxf3 23. Kxf3 Bg4+ 24. Ke3 Bxd1 25. Qxd1 Nxe4 26. Qf3 Nf6 27. Kf2 Qd7 28. Nc3 Qd4+ 29. Kg2 Rac8 30. Rd1 Qxc3 31. Bxh7+ Kxh7 0-1